[Event "European Hybrid Qual 2021"]
[Site "Tornelo INT"]
[Date "2021.05.26"]
[Round "2.1"]
[White "Barseghyan, Armen Ar."]
[Black "Ter-Sahakyan, Samvel"]
[Result "1/2-1/2"]
[WhiteTitle "FM"]
[BlackTitle "GM"]
[WhiteElo "2353"]
[BlackElo "2645"]
[WhiteFideId "13306707"]
[BlackFideId "13302531"]
[EventDate "2021.05.24"]
[EventType "k.o."]

1. d4 Nf6 2. c4 e6 3. Nc3 Bb4 4. Nf3 d5 5. cxd5 exd5 6. Bf4 O-O 7. e3 c5 8. dxc5
Qa5 9. Be5 Nfd7 10. Bd6 Rd8 11. Rc1 Nxc5 12. Be7 Nd3+ 13. Bxd3 Bxe7 14. O-O Nc6
15. h3 g6 16. a3 Bf6 17. Na4 Rd6 18. b4 Qd8 19. Bb5 Ne5 20. Nd4 Nc4 21. Bxc4
dxc4 22. Qf3 Bxd4 23. exd4 Rxd4 24. Rfd1 Rxd1+ 25. Rxd1 Qe7 26. Nc5 Bf5 27. g4
Bd3 28. Qxb7 Qxb7 29. Nxb7 h5 30. Nc5 Be2 31. Re1 Bf3 32. gxh5 gxh5 33. Rc1 Kh7
34. Rxc4 Rg8+ 35. Kf1 Bg2+ 36. Ke2 Re8+ 37. Kd2 Bxh3 38. Nd3 Rd8 39. Rc3 Kg6 40.
Ke3 Bf5 41. Rc6+ Kg7 42. Nf4 Re8+ 43. Kd2 Bg4 44. Rc3 Re4 45. Nh3 Re2+ 46. Kd3
Re8 47. Kd4 Kf6 48. b5 Rd8+ 49. Ke4 Bf5+ 50. Kf4 Rd4+ 51. Kg3 Rg4+ 52. Kh2 Ra4
53. Ng1 Ra5 54. b6 axb6 55. Rc6+ Be6 56. Rxb6 Rxa3 57. Rb5 Kg6 58. Rb4 Bg4 59.
Kg2 Be6 60. Ne2 Kh6 61. Nf4 Bg4 62. Rb5 h4 63. Rb2 Kg5 64. Ne2 f5 65. Ng1 Rc3
66. Ra2 Rc6 67. Nf3+ Bxf3+ 68. Kxf3 Rc3+ 69. Kg2 Kg4 70. Ra4+ f4 71. Ra2 Rd3 72.
Rb2 Ra3 73. Rc2 h3+ 74. Kh2 Rf3 75. Ra2 Rd3 76. Rb2 Rc3 77. Ra2 Kf5 78. Re2 Rd3
79. Ra2 Ke4 80. Rc2 Ra3 81. Rb2 Rf3 82. Ra2 Kd4 83. Rc2 Rb3 84. Ra2 Ke4 85. Rc2
Rd3 86. Ra2 Kf5 87. Rb2 Kg4 88. Ra2 Rc3 89. Rb2 Ra3 90. Rc2 Ra1 91. Rd2 Rf1 92.
Ra2 Kf3 93. Ra3+ Kxf2 94. Kxh3 f3 95. Ra2+ Ke3 96. Ra3+ Kf2 97. Ra2+ Kg1 98. Kg3
f2 99. Rb2 Ra1 100. Rxf2 Ra3+ 101. Rf3 Rxf3+ 102. Kxf3 1/2-1/2

[Event "European Hybrid Qual 2021"]
[Site "Tornelo INT"]
[Date "2021.05.27"]
[Round "2.2"]
[White "Ter-Sahakyan, Samvel"]
[Black "Barseghyan, Armen Ar."]
[Result "1-0"]
[WhiteTitle "GM"]
[BlackTitle "FM"]
[WhiteElo "2645"]
[BlackElo "2353"]
[WhiteFideId "13302531"]
[BlackFideId "13306707"]
[EventDate "2021.05.24"]
[EventType "k.o."]

1. e4 c5 2. Nf3 Nc6 3. d4 cxd4 4. Nxd4 g6 5. Nc3 Bg7 6. Be3 Nf6 7. Bc4 O-O 8.
Bb3 d6 9. f3 Nxd4 10. Bxd4 Be6 11. Qe2 Bxb3 12. axb3 e5 13. Be3 d5 14. Bg5 dxe4
15. fxe4 Qb6 16. Rf1 Qe6 17. Qc4 Qxc4 18. bxc4 Nd7 19. O-O-O Nb6 20. b3 Rfc8 21.
Kb1 Bf8 22. Bf6 Bg7 23. Bh4 Bf8 24. Bg3 Re8 25. Nb5 Rad8 26. Nxa7 Nd7 27. Bh4
Ra8 28. Rxd7 Rxa7 29. Be1 Bc5 30. Bc3 Bd4 31. Bxd4 exd4 32. Rxd4 Re7 33. Kb2 Ra6
34. Kc3 Rae6 35. Kd3 f5 36. exf5 Re3+ 37. Kd2 Re2+ 38. Kd1 Rxg2 39. Rd8+ Kf7 40.
fxg6+ Kxg6 41. Rd2 Rg5 42. Kc1 b5 43. cxb5 Rxb5 44. Rf3 h5 45. Kb2 h4 46. Rd4
Rh5 47. Rg4+ 1-0

[Event "European Hybrid Qual 2021"]
[Site "Tornelo INT"]
[Date "2021.05.26"]
[Round "2.1"]
[White "Babula, Vlastimil"]
[Black "Alekseev, Evgeny"]
[Result "1/2-1/2"]
[WhiteTitle "GM"]
[BlackTitle "GM"]
[WhiteElo "2559"]
[BlackElo "2617"]
[WhiteFideId "301264"]
[BlackFideId "4138147"]
[EventDate "2021.05.24"]
[EventType "k.o."]

1. d4 Nf6 2. c4 e6 3. Nf3 d5 4. Nc3 Bb4 5. Qa4+ Nc6 6. e3 O-O 7. Qc2 b6 8. Bd2
Bb7 9. a3 Bxc3 10. Bxc3 Ne7 11. b3 Ng6 12. Be2 Ne4 13. Bb2 dxc4 14. bxc4 Qe7 15.
O-O c5 16. a4 Qc7 17. Rfc1 cxd4 18. exd4 Rfd8 19. a5 Nf6 20. Qb3 bxa5 21. g3
Rab8 22. Qa3 a4 23. Bc3 Bc6 24. d5 exd5 25. Bxf6 gxf6 26. cxd5 Rxd5 27. Qxa4
Bxa4 28. Rxc7 Rd7 29. Rc5 Rb4 30. h4 Re7 31. Bf1 Ne5 32. Nxe5 fxe5 33. Bg2 e4
34. g4 e3 35. fxe3 Rxg4 36. Kf2 Rxh4 37. Ra5 Bc2 38. Rxa7 Rxa7 39. Rxa7 Bb3 40.
Kg3 Rh5 41. Bf3 Rc5 42. Kf4 Kg7 43. Ra1 Be6 44. Rg1+ Kf6 45. e4 h5 46. Rg8 h4
47. Rh8 h3 48. Bg4 Rc3 49. Rh6+ Kg7 50. Rh5 Kg6 51. Rh8 Bxg4 52. Kxg4 Re3 53.
Kf4 Rb3 54. Kg4 Rb4 55. Rxh3 f5+ 56. Kf4 Rxe4+ 57. Kf3 Rc4 58. Kf2 Rc2+ 59. Kf1
Kg5 60. Ra3 Kg4 61. Rb3 f4 62. Ra3 f3 63. Ra8 Rc1+ 64. Kf2 Rc2+ 65. Kf1 Rc1+ 66.
Kf2 Rc2+ 67. Kf1 1/2-1/2

[Event "European Hybrid Qual 2021"]
[Site "Tornelo INT"]
[Date "2021.05.27"]
[Round "2.2"]
[White "Alekseev, Evgeny"]
[Black "Babula, Vlastimil"]
[Result "1/2-1/2"]
[WhiteTitle "GM"]
[BlackTitle "GM"]
[WhiteElo "2617"]
[BlackElo "2559"]
[WhiteFideId "4138147"]
[BlackFideId "301264"]
[EventDate "2021.05.24"]
[EventType "k.o."]

1. e4 c5 2. Nf3 e6 3. d4 cxd4 4. Nxd4 a6 5. Bd3 Bc5 6. Nb3 Ba7 7. Nc3 Nc6 8. Qg4
Nf6 9. Qg3 d6 10. Bg5 h6 11. Bd2 b5 12. O-O-O Ne5 13. Kb1 Bb7 14. f3 Nh5 15. Qh3
Nf6 16. Qg3 Nh5 17. Qh3 Nf6 18. Qg3 1/2-1/2

[Event "European Hybrid Qual 2021"]
[Site "Tornelo INT"]
[Date "2021.05.27"]
[Round "2.3"]
[White "Alekseev, Evgeny"]
[Black "Babula, Vlastimil"]
[Result "1-0"]
[WhiteTitle "GM"]
[BlackTitle "GM"]
[WhiteElo "2617"]
[BlackElo "2559"]
[WhiteFideId "4138147"]
[BlackFideId "301264"]
[EventDate "2021.05.24"]
[EventType "k.o."]

1. c4 c5 2. Nc3 Nc6 3. Nf3 e5 4. g3 g6 5. Bg2 Bg7 6. O-O Nge7 7. Ne1 h5 8. h4 d6
9. d3 Be6 10. Nc2 Qd7 11. Ne3 Nd4 12. Rb1 Bh3 13. Ned5 Bxg2 14. Kxg2 O-O 15. e3
Ndc6 16. a3 Nxd5 17. cxd5 Ne7 18. e4 b5 19. b4 Rac8 20. bxc5 Rxc5 21. Bd2 Rfc8
22. Qb3 a6 23. a4 Bh6 24. Be1 Kg7 25. axb5 axb5 26. Ne2 Ng8 27. Bb4 R5c7 28. Ra1
Nf6 29. Ra6 Ne8 30. Rfa1 Kh7 31. R1a2 f5 32. Ng1 fxe4 33. dxe4 Rc4 34. Re2 R8c7
35. Nf3 Ra7 36. Rb6 Ra4 37. Bd2 Rxe4 38. Rxe4 Rxe4 39. Rxb5 Bxd2 40. Nxd2 Rd4
41. Nf3 Re4 42. Rb7 Nc7 43. Qc2 1-0

[Event "European Hybrid Qual 2021"]
[Site "Tornelo INT"]
[Date "2021.05.27"]
[Round "2.4"]
[White "Babula, Vlastimil"]
[Black "Alekseev, Evgeny"]
[Result "0-1"]
[WhiteTitle "GM"]
[BlackTitle "GM"]
[WhiteElo "2559"]
[BlackElo "2617"]
[WhiteFideId "301264"]
[BlackFideId "4138147"]
[EventDate "2021.05.24"]
[EventType "k.o."]

1. d4 Nf6 2. c4 e6 3. Nf3 d5 4. Nc3 Bb4 5. Qa4+ Nc6 6. e3 O-O 7. Qc2 b6 8. Bd2
Bb7 9. a3 Bd6 10. cxd5 exd5 11. Nb5 Be7 12. Bd3 a6 13. Nc3 Bd6 14. O-O Ne7 15.
b4 Ng6 16. b5 axb5 17. Nxb5 c5 18. Nxd6 Qxd6 19. Rfb1 Ba6 20. Bf5 Bc8 21. Bxg6
hxg6 22. Qb2 Ra6 23. Qb5 Ne4 24. Be1 Qd7 25. Ne5 Qxb5 26. Rxb5 Nd6 27. Rb2 Be6
28. Rab1 Nc8 29. dxc5 bxc5 30. Rb5 c4 31. Rb8 Re8 32. Bb4 Bf5 33. Rd1 Rxe5 0-1

[Event "European Hybrid Qual 2021"]
[Site "Tornelo INT"]
[Date "2021.05.26"]
[Round "2.1"]
[White "Gagunashvili, Merab"]
[Black "Kuzubov, Yuriy"]
[Result "1/2-1/2"]
[WhiteTitle "GM"]
[BlackTitle "GM"]
[WhiteElo "2584"]
[BlackElo "2642"]
[WhiteFideId "13601652"]
[BlackFideId "14112906"]
[EventDate "2021.05.24"]
[EventType "k.o."]

1. d4 d5 2. c4 e6 3. Nc3 Nf6 4. Bg5 Nbd7 5. e3 Be7 6. Nf3 h6 7. Bh4 O-O 8. Qc2
c5 9. cxd5 Nxd5 10. Bxe7 Nxe7 11. Be2 cxd4 12. Nxd4 Nf6 13. O-O Bd7 14. Qb3 Qa5
15. Rfd1 Rab8 16. Bf3 Rfd8 17. a3 e5 18. Ndb5 a6 19. Nd6 Be6 20. Qb4 Qxb4 21.
axb4 Ned5 22. Bxd5 Rxd6 23. Bxe6 Rxe6 24. Ra5 Rb6 1/2-1/2

[Event "European Hybrid Qual 2021"]
[Site "Tornelo INT"]
[Date "2021.05.27"]
[Round "2.2"]
[White "Kuzubov, Yuriy"]
[Black "Gagunashvili, Merab"]
[Result "1/2-1/2"]
[WhiteTitle "GM"]
[BlackTitle "GM"]
[WhiteElo "2642"]
[BlackElo "2584"]
[WhiteFideId "14112906"]
[BlackFideId "13601652"]
[EventDate "2021.05.24"]
[EventType "k.o."]

1. Nf3 d5 2. g3 g6 3. c4 c6 4. Qa4 d4 5. d3 Bg7 6. Bg2 Nf6 7. O-O O-O 8. Bg5
Nbd7 9. Qc2 h6 10. Bxf6 Nxf6 11. Nbd2 Re8 12. b4 1/2-1/2

[Event "European Hybrid Qual 2021"]
[Site "Tornelo INT"]
[Date "2021.05.27"]
[Round "2.3"]
[White "Kuzubov, Yuriy"]
[Black "Gagunashvili, Merab"]
[Result "1/2-1/2"]
[WhiteTitle "GM"]
[BlackTitle "GM"]
[WhiteElo "2642"]
[BlackElo "2584"]
[WhiteFideId "14112906"]
[BlackFideId "13601652"]
[EventDate "2021.05.24"]
[EventType "k.o."]

1. e4 e5 2. Nf3 Nc6 3. Bb5 a6 4. Ba4 Nf6 5. O-O b5 6. Bb3 Bc5 7. a4 Rb8 8. axb5
axb5 9. d3 O-O 10. Nc3 h6 11. Ne2 d6 12. h3 d5 13. exd5 Nxd5 14. d4 exd4 15.
Nexd4 Nxd4 16. Nxd4 Rb6 17. c3 Bb7 18. Bc2 Nb4 19. cxb4 Bxd4 20. Ra3 Qh4 21. Qg4
Qxg4 22. hxg4 Re8 23. Rd3 Rd6 24. Rfd1 Be5 25. Rxd6 Bxd6 26. Bd2 Kf8 27. Kf1 Be4
28. Rc1 Bxc2 29. Rxc2 Re4 30. f3 Rd4 31. Ke2 Bxb4 32. Be3 Rc4 33. Rxc4 bxc4 34.
Bd4 c5 35. Be5 g6 36. f4 f5 37. Kf3 Kf7 38. Bh8 Bd2 39. Bc3 Bxc3 40. bxc3 Kf6
41. gxf5 Kxf5 42. g4+ Kf6 43. Kg3 Ke6 44. Kf3 Kd5 45. Ke3 Kd6 46. Kf3 Ke6 47.
Ke4 h5 48. Kf3 Kd5 49. f5 hxg4+ 50. Kxg4 gxf5+ 51. Kxf5 Kd6 52. Kf6 Kd5 53. Kf5
Kd6 54. Kf6 Kd5 55. Kf5 1/2-1/2

[Event "European Hybrid Qual 2021"]
[Site "Tornelo INT"]
[Date "2021.05.27"]
[Round "2.4"]
[White "Gagunashvili, Merab"]
[Black "Kuzubov, Yuriy"]
[Result "1/2-1/2"]
[WhiteTitle "GM"]
[BlackTitle "GM"]
[WhiteElo "2584"]
[BlackElo "2642"]
[WhiteFideId "13601652"]
[BlackFideId "14112906"]
[EventDate "2021.05.24"]
[EventType "k.o."]

1. d4 d5 2. c4 e6 3. Nc3 Nf6 4. Bg5 Nbd7 5. e3 Be7 6. Nf3 h6 7. Bh4 O-O 8. Qc2
a6 9. Rd1 dxc4 10. Bxc4 b5 11. Bd3 Bb7 12. O-O Rc8 13. Bxf6 Nxf6 14. Ne4 Bxe4
15. Bxe4 Nxe4 16. Qxe4 c6 17. Ne5 Qd5 18. Qxd5 cxd5 19. Rc1 Bd6 20. Nd7 Rfd8 21.
Nc5 Bxc5 22. dxc5 b4 23. Rc2 Kf8 24. Ra1 Rc6 25. a3 Rb8 26. axb4 Rxb4 27. Ra5
Ke7 28. Kf1 e5 29. Ke2 Ke6 30. Kd2 d4 31. e4 f5 32. f3 fxe4 33. fxe4 Rb3 34. Ra3
Rb5 35. Rg3 Kf7 36. Rf3+ Ke7 37. Rg3 g5 38. Rh3 a5 39. Rh5 Kf7 40. h4 Kg6 41. g4
Rbxc5 42. Rxc5 Rxc5 43. hxg5 hxg5 44. Rh8 Rb5 45. Kc2 a4 46. Ra8 Rb4 47. Ra5 Kf6
48. Ra6+ Ke7 49. Rg6 Rb3 50. Rxg5 Kf6 51. Rf5+ Ke6 52. g5 Re3 53. Rf6+ Ke7 54.
Rf5 Rxe4 55. g6 Rg4 56. Rxe5+ Kf6 57. Ra5 Kxg6 58. Kd3 Rg3+ 59. Kxd4 Rb3 60.
Rxa4 Rxb2 61. Ra6+ Kf7 62. Rc6 Rf2 63. Rc4 Rf4+ 64. Kc5 Rxc4+ 65. Kxc4 1/2-1/2

[Event "European Hybrid Qual 2021"]
[Site "Tornelo INT"]
[Date "2021.05.27"]
[Round "2.5"]
[White "Gagunashvili, Merab"]
[Black "Kuzubov, Yuriy"]
[Result "1/2-1/2"]
[WhiteTitle "GM"]
[BlackTitle "GM"]
[WhiteElo "2584"]
[BlackElo "2642"]
[WhiteFideId "13601652"]
[BlackFideId "14112906"]
[EventDate "2021.05.24"]
[EventType "k.o."]

1. Nf3 d5 2. g3 Nf6 3. Bg2 e6 4. O-O Be7 5. d3 b6 6. Nbd2 Bb7 7. Qe1 Nbd7 8. e4
dxe4 9. dxe4 e5 10. Nh4 Ba6 11. c4 Nc5 12. Nf5 O-O 13. Qe2 Re8 14. Rd1 Bf8 15.
b4 Nd3 16. Nf3 Nxc1 17. Raxc1 Qc8 18. a3 Bb7 19. Nd2 g6 20. Ne3 a5 21. c5 bxc5
22. bxc5 Ba6 23. Qf3 Bg7 24. Nd5 Nxd5 25. exd5 f5 26. d6 e4 27. Qb3+ Kh8 28.
Nxe4 Rxe4 29. Bxe4 fxe4 30. d7 Qf8 31. c6 Bd3 32. Rxd3 exd3 33. Qxd3 Bf6 34. Re1
Kg7 35. Re6 Qf7 36. Qe4 Rf8 37. Re8 Bd8 38. Qe5+ Qf6 39. f4 Kf7 40. Qd5+ Kg7 41.
Kg2 Qb2+ 42. Kh3 Qf6 43. Qe5 Kf7 44. Qd5+ Kg7 45. Kg2 Qb2+ 46. Kh3 Qf6 1/2-1/2

[Event "European Hybrid Qual 2021"]
[Site "Tornelo INT"]
[Date "2021.05.26"]
[Round "2.1"]
[White "Murzin, Volodar"]
[Black "Sargsyan, Shant"]
[Result "1/2-1/2"]
[WhiteTitle "IM"]
[BlackTitle "GM"]
[WhiteElo "2478"]
[BlackElo "2618"]
[WhiteFideId "44155573"]
[BlackFideId "13306766"]
[EventDate "2021.05.24"]
[EventType "k.o."]

1. e4 e5 2. Nf3 Nc6 3. Bb5 a6 4. Ba4 Nf6 5. d3 b5 6. Bb3 Bc5 7. c3 d6 8. Bg5 Rb8
9. Nbd2 h6 10. Bh4 Bb6 11. Qe2 Na5 12. Bc2 c5 13. Nf1 Be6 14. Ne3 g5 15. Bg3 Nc6
16. Nd2 Rg8 17. Bb3 Qd7 18. Bxe6 Qxe6 19. h4 Ne7 20. hxg5 hxg5 21. Rh6 Rg6 22.
Rxg6 Nxg6 23. Nf3 Nh7 24. Nd5 Ne7 25. Ne3 f6 26. Nh2 Kd7 27. Nhg4 f5 28. exf5
Nxf5 29. Nxf5 Qxf5 30. O-O-O Rf8 31. Rh1 Nf6 32. Ne3 Qg6 33. Qf3 e4 34. dxe4
Qxe4 35. Rd1 Bc7 36. Bxd6 Bxd6 37. Nf5 Qxf3 38. Rxd6+ Kc7 39. gxf3 Nh5 40. Rh6
Rxf5 41. Rxh5 Rxf3 42. Rxg5 Rxf2 43. Rxc5+ Kb6 44. Rd5 Kc6 45. Rd2 Rf4 46. Kc2
a5 47. Kb3 Kc5 48. Rh2 Rg4 49. Rh5+ Kb6 50. Rh6+ Kc5 51. Rh8 Kb6 52. Rh6+ Kc5
53. Ra6 a4+ 54. Ka3 Rg2 55. Ra8 Rc2 56. Rc8+ Kb6 57. b3 axb3 58. axb3 Rh2 59.
Rd8 Kc5 60. Rc8+ Kb6 61. Kb4 Rh4+ 62. c4 bxc4 63. bxc4 Rh1 64. Rb8+ Kc6 65. Rc8+
Kb6 66. Rg8 Rb1+ 67. Kc3 Rc1+ 68. Kd3 Rd1+ 69. Kc2 Rh1 1/2-1/2

[Event "European Hybrid Qual 2021"]
[Site "Tornelo INT"]
[Date "2021.05.27"]
[Round "2.2"]
[White "Sargsyan, Shant"]
[Black "Murzin, Volodar"]
[Result "1-0"]
[WhiteTitle "GM"]
[BlackTitle "IM"]
[WhiteElo "2618"]
[BlackElo "2478"]
[WhiteFideId "13306766"]
[BlackFideId "44155573"]
[EventDate "2021.05.24"]
[EventType "k.o."]

1. d4 Nf6 2. c4 g6 3. Nc3 Bg7 4. e4 O-O 5. Be2 d6 6. Be3 Nbd7 7. Nf3 e5 8. O-O
c6 9. dxe5 dxe5 10. b4 Qc7 11. Qb3 Re8 12. h3 Nf8 13. Rfd1 Ne6 14. c5 Nh5 15.
Bc4 Nhf4 16. Rd6 b5 17. Bf1 Bb7 18. a4 a6 19. Rad1 Rad8 20. axb5 axb5 21. Bxf4
Nxf4 22. Ng5 Rxd6 23. cxd6 Qd7 24. Nxb5 Bf6 25. Nxf7 cxb5 26. Ng5+ Kh8 27. Qf7
Qxf7 28. Nxf7+ Kg7 29. d7 Kxf7 30. dxe8=Q+ Kxe8 31. g3 Nh5 32. Bxb5+ Kf8 33. Bc4
Bxe4 34. b5 Be7 35. Bd5 Nf6 36. Bxe4 Nxe4 37. b6 Nc5 38. Rb1 Bd6 39. b7 Nd7 40.
Rc1 h5 41. h4 Ke7 42. Kg2 Ke6 43. Rc8 Bb8 44. Kf3 Ba7 45. Ke2 e4 46. Re8+ Kf5
47. Re7 Nb8 48. Rf7+ Ke6 49. Rf4 Ke5 50. Rf8 Ke6 51. Kf1 Ke5 52. Kg2 Nd7 53. Rd8
Ke6 54. Re8+ Kf5 55. Kh3 Bb8 56. Rd8 Ke6 57. Rg8 Kf5 58. Re8 Be5 59. Rd8 Nb8 60.
Rf8+ Ke6 61. g4 hxg4+ 62. Kxg4 Nd7 63. Rc8 Bd6 64. Ra8 Kf6 65. Ra6 Ke5 66. Ra4
Bc7 67. Rc4 Bd6 68. Rc1 Kf6 69. Rd1 Ne5+ 70. Kf4 Nd3+ 71. Kxe4 Nc5+ 72. Kd5 Nxb7
73. Rb1 Bc5 74. f3 Bf2 75. Rxb7 Bxh4 76. Ke4 Be1 77. Rb6+ Kf7 78. Rc6 Bh4 79. f4
Bf6 80. Rc7+ Kg8 81. Kd5 Ba1 82. Ke6 Bb2 83. Rc2 Bd4 84. Rg2 Kg7 85. f5 Ba1 86.
Rxg6+ 1-0

[Event "European Hybrid Qual 2021"]
[Site "Tornelo INT"]
[Date "2021.05.26"]
[Round "2.1"]
[White "Potkin, Vladimir"]
[Black "Motylev, Alexander"]
[Result "1/2-1/2"]
[WhiteTitle "GM"]
[BlackTitle "GM"]
[WhiteElo "2578"]
[BlackElo "2641"]
[WhiteFideId "4131061"]
[BlackFideId "4121830"]
[EventDate "2021.05.24"]
[EventType "k.o."]

1. d4 Nf6 2. c4 e6 3. Nf3 d5 4. Nc3 h6 5. Bf4 a6 6. e3 c5 7. cxd5 exd5 8. Be2 c4
9. O-O b5 10. Ne5 Bb7 11. Bh5 Nxh5 12. Qxh5 Qf6 13. Qf3 Qe6 14. e4 dxe4 15. Nxe4
Nc6 16. Nd6+ Bxd6 17. Nxc6 Kd7 18. Rfe1 Qf5 19. Ne5+ Kc7 20. Qg3 g5 21. Bd2 Rae8
22. Qc3 Kb8 23. f3 Re7 24. a4 f6 25. Ng4 Rxe1+ 26. Rxe1 h5 27. Ne3 Qd7 28. axb5
axb5 29. b3 cxb3 30. Qxb3 g4 31. Rb1 gxf3 32. Qxb5 Qxb5 1/2-1/2

[Event "European Hybrid Qual 2021"]
[Site "Tornelo INT"]
[Date "2021.05.27"]
[Round "2.2"]
[White "Motylev, Alexander"]
[Black "Potkin, Vladimir"]
[Result "1/2-1/2"]
[WhiteTitle "GM"]
[BlackTitle "GM"]
[WhiteElo "2641"]
[BlackElo "2578"]
[WhiteFideId "4121830"]
[BlackFideId "4131061"]
[EventDate "2021.05.24"]
[EventType "k.o."]

1. e4 e5 2. Nf3 Nc6 3. Bc4 Nf6 4. d3 Bc5 5. Bg5 h6 6. Bh4 d6 7. c3 a6 8. Nbd2
Qe7 9. a4 Ba7 10. Qe2 Bd7 11. h3 Be6 12. b4 Bxc4 13. Nxc4 Qe6 14. b5 Ne7 15.
Bxf6 Qxf6 16. O-O O-O 17. Rfb1 Ng6 18. g3 Qe6 19. Kg2 f5 20. b6 cxb6 21. Nxb6
Rad8 22. exf5 Qxf5 23. Qe4 Rf7 1/2-1/2

[Event "European Hybrid Qual 2021"]
[Site "Tornelo INT"]
[Date "2021.05.27"]
[Round "2.3"]
[White "Motylev, Alexander"]
[Black "Potkin, Vladimir"]
[Result "1-0"]
[WhiteTitle "GM"]
[BlackTitle "GM"]
[WhiteElo "2641"]
[BlackElo "2578"]
[WhiteFideId "4121830"]
[BlackFideId "4131061"]
[EventDate "2021.05.24"]
[EventType "k.o."]

1. e4 e5 2. Nf3 Nc6 3. Bb5 Nf6 4. d3 Bc5 5. Bxc6 dxc6 6. Nbd2 Nd7 7. O-O O-O 8.
Nc4 Re8 9. Bd2 b6 10. Kh1 a5 11. a4 Ba6 12. Ne3 Bf8 13. Nf5 Nc5 14. Rg1 g6 15.
Nh6+ Bxh6 16. Bxh6 Bc8 17. h3 f6 18. Nh2 f5 19. exf5 Bxf5 20. f3 Qh4 21. Qd2 Qb4
22. Qg5 Qf4 23. Qxf4 exf4 24. Bxf4 Re2 25. g4 Bd7 26. Rg2 Rae8 27. Bxc7 Rxg2 28.
Kxg2 Re2+ 29. Kg3 Ne6 30. Bxb6 g5 31. Rf1 Rxc2 32. Rf2 Rc1 33. Bxa5 Rg1+ 34. Rg2
Ra1 35. Bd2 Rxa4 36. Be3 Ra1 37. h4 h6 38. Rg1 Ra2 39. hxg5 hxg5 40. Rg2 Ra1 41.
Rd2 Kf7 42. Kg2 Kg6 43. Nf1 c5 44. Ng3 Bc6 45. Ne4 Rc1 46. Re2 Rd1 47. Nf2 Rb1
48. Rc2 Bd5 49. Ne4 c4 50. dxc4 Bc6 51. Nc3 Re1 52. Kf2 Rh1 53. Kg2 Re1 54. Re2
Ra1 55. b4 Ra3 56. Rc2 Rb3 57. b5 Bb7 58. Kf2 Rb4 59. Ne2 Rb3 60. Nc1 Rb4 61.
Nd3 Rb3 62. Ke2 Kf6 63. Rb2 Bxf3+ 64. Kxf3 Rxd3 65. b6 1-0

[Event "European Hybrid Qual 2021"]
[Site "Tornelo INT"]
[Date "2021.05.27"]
[Round "2.4"]
[White "Potkin, Vladimir"]
[Black "Motylev, Alexander"]
[Result "1/2-1/2"]
[WhiteTitle "GM"]
[BlackTitle "GM"]
[WhiteElo "2578"]
[BlackElo "2641"]
[WhiteFideId "4131061"]
[BlackFideId "4121830"]
[EventDate "2021.05.24"]
[EventType "k.o."]

1. c4 Nf6 2. Nf3 e6 3. g3 d5 4. Bg2 Be7 5. O-O O-O 6. d4 c6 7. Qc2 b6 8. Nc3 Ba6
9. b3 Nbd7 10. Rd1 Rc8 11. e4 dxc4 12. h4 Re8 13. Bg5 h6 14. Bf4 Nh5 15. Be3
Nhf6 16. Nd2 Ng4 17. bxc4 c5 18. e5 Nxe3 19. fxe3 cxd4 20. exd4 Bxc4 21. Nxc4
Rxc4 22. Qd3 Rxd4 23. Qe2 Rxd1+ 24. Rxd1 Qc7 25. Nb5 Qxe5 26. Qxe5 1/2-1/2

[Event "European Hybrid Qual 2021"]
[Site "Tornelo INT"]
[Date "2021.05.26"]
[Round "2.1"]
[White "Svane, Frederik"]
[Black "Ivic, Velimir"]
[Result "0-1"]
[WhiteTitle "FM"]
[BlackTitle "GM"]
[WhiteElo "2438"]
[BlackElo "2581"]
[WhiteFideId "12923044"]
[BlackFideId "950122"]
[EventDate "2021.05.24"]
[EventType "k.o."]

1. e4 c5 2. Nf3 Nc6 3. Bb5 e6 4. O-O Nge7 5. Re1 Nd4 6. Nxd4 cxd4 7. c3 a6 8.
Bd3 Nc6 9. Na3 Bc5 10. b4 Ba7 11. Nc4 O-O 12. e5 d5 13. exd6 b5 14. Be4 Bb7 15.
Qf3 bxc4 16. Bxc6 Bxc6 17. Qxc6 d3 18. Qxc4 Qxd6 19. a4 Rac8 20. Qe4 e5 21. Ba3
Qh6 22. Qxd3 Rfd8 23. Qf3 Qxd2 24. Qe2 Qxc3 25. Qxa6 Bxf2+ 26. Kxf2 Qd4+ 27. Kf1
Rc2 28. Qe2 Rxe2 29. Kxe2 Qg4+ 30. Kf1 Rd2 0-1

[Event "European Hybrid Qual 2021"]
[Site "Tornelo INT"]
[Date "2021.05.27"]
[Round "2.2"]
[White "Ivic, Velimir"]
[Black "Svane, Frederik"]
[Result "1-0"]
[WhiteTitle "GM"]
[BlackTitle "FM"]
[WhiteElo "2581"]
[BlackElo "2438"]
[WhiteFideId "950122"]
[BlackFideId "12923044"]
[EventDate "2021.05.24"]
[EventType "k.o."]

1. e4 c5 2. Nf3 Nc6 3. Bb5 g6 4. Bxc6 dxc6 5. d3 Bg7 6. O-O Nf6 7. Re1 Bg4 8. h3
Bxf3 9. Qxf3 Nd7 10. a4 a5 11. Nd2 O-O 12. Qe2 Qc7 13. Rf1 e5 14. Nc4 Rae8 15.
Bd2 b6 16. c3 f5 17. b4 f4 18. f3 g5 19. bxa5 bxa5 20. Rfb1 h5 21. Rb2 Rb8 22.
Rab1 Rxb2 23. Rxb2 Rf7 24. Be1 Nf8 25. Qd1 Kh7 26. Qb3 g4 27. Qb8 Qe7 28. Nd6
Rf6 29. Nf5 Rxf5 30. exf5 gxf3 31. gxf3 Qg5+ 32. Rg2 Qxf5 33. Qc7 Nd7 34. Qxc6
Qxd3 35. Qe4+ Qxe4 36. fxe4 c4 37. Kf2 Nc5 38. Kf3 Bf6 39. Rd2 Nd3 40. Bf2 Be7
41. Bb6 Kg6 42. Bxa5 Bc5 43. Bd8 Kf7 44. a5 Ke6 45. Bc7 Ne1+ 46. Ke2 Nd3 47. Rd1
Be3 48. a6 Nf2 49. Rd5 Nxh3 50. Bxe5 Ng5 51. Bxf4 Bxf4 52. Rxg5 1-0

[Event "European Hybrid Qual 2021"]
[Site "Tornelo INT"]
[Date "2021.05.26"]
[Round "2.1"]
[White "Agdestein, Simen"]
[Black "Lagarde, Maxime"]
[Result "1-0"]
[WhiteTitle "GM"]
[BlackTitle "GM"]
[WhiteElo "2552"]
[BlackElo "2638"]
[WhiteFideId "1500015"]
[BlackFideId "662399"]
[EventDate "2021.05.24"]
[EventType "k.o."]

1. d4 f5 2. g3 Nf6 3. Bg2 d6 4. Nf3 g6 5. O-O Bg7 6. c4 O-O 7. Nc3 c6 8. d5 e5
9. dxe6 Bxe6 10. b3 Ne4 11. Nxe4 fxe4 12. Nd4 Qd7 13. Bb2 Bh3 14. Qd2 Bxg2 15.
Kxg2 d5 16. c5 Qe7 17. f4 e3 18. Qd3 Nd7 19. b4 Rae8 20. Rab1 Nf6 21. h3 Nh5 22.
Rf3 Qe4 23. Qxe4 Rxe4 24. Nc2 Rfe8 25. Bc1 d4 26. Bb2 Bf6 27. Ne1 Ng7 28. Rf1 h5
29. Rd1 Nf5 30. g4 Nh4+ 31. Kg3 Rf8 32. Nd3 Bd8 33. Ne5 g5 34. Rxd4 Rxd4 35.
Bxd4 Bc7 36. Nd3 hxg4 37. hxg4 Ng6 38. Bxe3 gxf4+ 39. Bxf4 Nxf4 40. Nxf4 Re8 41.
Kh4 Re4 42. Kg5 Bd8+ 43. Kh6 Re7 44. Rd1 Bc7 45. Ng6 Rh7+ 46. Kg5 Rf7 47. e4 Rg7
48. Rd3 a5 49. a3 Kh7 50. Rh3+ Kg8 51. Rh8+ Kf7 52. Rf8+ Ke6 53. Rf6+ Kd7 54.
Kh6 Rg8 55. e5 Re8 56. e6+ Kc8 57. e7 Kd7 58. Kg7 1-0